000 00986nam a2200301 i 4500
001 000045859
003 DO-SdBNP
005 20251121101917.0
007 ta
008 150522s2000 dr 000 f spa d
020 _a9993400661
040 _aDO-SdBNP
_bspa
_cBNPHU
_erda
041 _aspa
082 4 _aRD863.44
_bP426t
_222
100 1 _aPeralta Romero, Rafael,
_d1948-
_eautor
_4aut.
_979774
245 1 4 _aLos tres entierros de Dino Bidal :
_bnovela /
_cRafael Peralta Romero.
264 4 _aSanto Domingo :
_bCocolo Editorial,
_c©2000.
300 _a110 páginas ;
_c22 cm.
336 _atexto
_btxt
_2rdacontent
337 _asin mediación
_bn
_2rdamedia
338 _avolumen
_bnc
_2rdacarrier
500 _aIncluye datos biográficos del autor en la solapa de la cubierta
590 _aInventariado, 2020/VM
650 4 _aNovelas dominicanas
_929128
650 4 _aLiteratura dominicana.
_967
910 _aVMateo. Validado Control de calidad MFF
942 _2ddc
_cLBS1
999 _c45348
_d45348